| 000 | 00486nam a2200109Ia 4500 | ||
|---|---|---|---|
| 008 | 171212s9999 xx 000 0 und d | ||
| 100 | _aStanley, Karlyn D.;Loredo, Elvira N.;Burger, Nicholas;Miles, Jeremy N. V.;Saloga, Clinton W. | ||
| 245 |
_cStanley, Karlyn D.;Loredo, Elvira N.;Burger, Nicholas;Miles, Jeremy N. V.;Saloga, Clinton W. _aBusiness Bribery Risk Assessment |
||
| 260 |
_bRAND Corporation _c2014 |
||
| 650 | _aLaw | ||
| 856 | _uhttp://www.jstor.org/stable/10.7249/j.ctt14bs4dc | ||
| 999 |
_c351824 _d351824 |
||